Gagnants Saisons DALS - Statistiques

Statistiques générales
  • Ce quiz a été pris 46 fois
  • Le résultat moyen est 7 sur 14
Statistiques - réponses
Hint Réponse % Correct
Saison 1 M. Pokora et Katrina Patchett
77%
Saison 14 Lenie et Jordan Mouillerac
73%
Saison 6 Loïc Nottet et Denitsa Ikonomova
67%
Saison 3 Emmanuel Moire et Fauve Hautot
60%
Saison 11 Tayc et Fauve Hautot
60%
Saison 7 Laurent Maistret et Denitsa Ikonomova
57%
Saison 2 Shy'm et Maxime Dereymez
57%
Saison 5 Rayane Bensetti et Denitsa Ikonomova
53%
Saison 4 Alizée et Grégoire Lyonnet
47%
Saison 9 Clément Rémiens et Denitsa Ikonomova
47%
Saison 13 Natasha St-Pier et Anthony Colette
40%
Saison 8 Agustín Galiana et Candice Pascal
33%
Saison 10 Sami El Gueddari et Fauve Hautot
33%
Saison 12 Billy Crawford et Fauve Hautot
23%
Aucun quiz correspondant
Distribution des résultats
% des personnes avec chaque résultat
Percentile par nombre de réponses
Votre historique - résultats
Vous n’avez pas pris ce quiz